| 000 | 00816cam a22002534a 4500 | ||
|---|---|---|---|
| 001 | 13802701 | ||
| 005 | 20251030105458.0 | ||
| 008 | 041129s2006 njua b 001 0 eng | ||
| 020 | _a0131188194 | ||
| 020 | _a9780131188198 | ||
| 050 | 0 | 0 |
_aRT84.5 _b.K69 2006 |
| 082 | 0 | 0 |
_a610.73 _222 |
| 245 | 0 | 0 |
_aProfessional nursing practice : _bconcepts and perspectives / _cKathleen Koernig Blais ... [et al.]. |
| 250 | _a5th ed. | ||
| 260 |
_aUpper Saddle River, N.J. : _bPearson/Prentice Hall, _cc2006. |
||
| 300 |
_axix, 460 p. : _bill. ; _c26 cm. |
||
| 650 | 0 |
_aNursing _xPhilosophy. |
|
| 650 | 1 | 2 | _aNursing. |
| 650 | 2 | 2 | _aNurse's Role. |
| 650 | 2 | 2 | _aNursing Theory. |
| 700 | 1 | _aBlais, Kathleen. | |
| 856 | 4 | 1 |
_3Table of contents _uhttp://www.loc.gov/catdir/toc/ecip054/2004028296.html |
| 942 |
_2lcc _cBK _e5th ed. _n0 |
||
| 999 |
_c7937 _d7937 |
||